000 00944nac a22002891i 4500
003 EG-ScBUE
005 20241109110257.0
008 091108t2010 njua f 001 0 eng d
020 _a0136079091
020 _a9780136079095
040 _aEG-ScBUE
_beng
_erda
_cEG-ScBUE
_dEG-ScBUE
082 0 4 _a519.2
_bROS
_222
100 1 _aRoss, Sheldon M.,
_eauthor.
_99231
245 1 2 _aA first course in probability /
_cSheldon Ross, University of Southern California.
250 _aEighth edition.
250 _aInternational edition.
264 1 _aUpper Saddle River, N.J. :
_bPearson Prentice Hall,
_c[2010]
264 4 _cc2010
300 _axiii, 530 pages :
_billustrations ;
_c25 cm
336 _2rdacontent
_atext
_btxt
337 _aunmediated
_2rdamedia
_bn
338 _avolume
_bnc
_2rdacarrier
500 _aIncludes index.
650 7 _aProbabilities
_vTextbooks.
_2BUEsh
_99232
655 _vReading book
942 _cBB
_2ddc
999 _c12881
_d12881